capitals of the 50 states (sudden death) - Statistics

General Stats
  • This quiz has been taken 222 times
  • The average score is 26 of 50
Answers on the Grid
Answers color-coded by a green-red scale on the quiz's grid according to % correct below.
Albany
Anapolis
Atlanta
Augusta
Austin
Baltimore
Baton Rouge
Bismark
Boise
Boston
Buffalo
Carson City
Charleston
Charlotte
Cheyenne
Chicago
Columbia
Columbus
Concord
Denver
Des Moines
Detroit
Dover
Frankfort
Harrisburg
Hartford
Helena
Honolulu
Houston
Indianapolis
Jackson
Jefferson City
Juneau
Lansing
Las Vegas
Lincoln
Little rock
Los Angeles
Madison
Memphis
Miami
Milwaukee
Montgomery
Montpelier
Nashville
New Orleans
New York
Oklahoma City
Olympia
Orlando
Philadelphia
Phoenix
Pierre
Pittsburgh
Portland
Providence
Raleigh
Richmond
Sacramento
Salem
Salt Lake City
San Antonio
San Diego
San Francisco
San Jose
Santa Fe
Seattle
Springfield
St. Louis
St. Paul
Tallahassee
Tampa
Topeka
Trenton
Washington D.C.
 
Answer Stats
Answer % Correct
Albany
90%
Baton Rouge
67%
Atlanta
65%
Austin
65%
Boise
64%
Boston
63%
Honolulu
63%
Augusta
61%
Carson City
61%
Anapolis
60%
Little rock
60%
Bismark
59%
Des Moines
56%
Cheyenne
54%
Denver
54%
Lansing
54%
Harrisburg
53%
Helena
53%
Olympia
53%
Columbus
52%
Jackson
52%
Juneau
52%
Oklahoma City
52%
Sacramento
52%
Concord
51%
Frankfort
51%
Indianapolis
51%
Lincoln
51%
Phoenix
50%
Tallahassee
50%
Dover
49%
Jefferson City
49%
Montpelier
49%
Madison
48%
Montgomery
48%
Nashville
48%
Charleston
47%
Hartford
47%
Salt Lake City
47%
Springfield
47%
Topeka
46%
Columbia
45%
Trenton
45%
Providence
44%
Raleigh
44%
Salem
44%
Pierre
43%
Richmond
40%
Santa Fe
39%
St. Paul
37%
No matching quizzes found
Score Distribution
Percent of People with Each Score
Percentile by Number Answered
Your Score History
You have not taken this quiz